De los héroes ; Hombres representativos /

Detalles Bibliográficos
Autores principales: Carlyle, Thomas, 1795-1881 (Autor), Emerson, Ralph Waldo, 1803-1882 (Autor)
Otros Autores: Borges, Jorge Luís, 1899-1986 (contributor agent of text.)
Formato: Electrónico eBook
Lenguaje:español
Publicado: Ciudad de México : Océano, [2016]
Edición:Primera edición en libro electrónico.
Materias:
Acceso en línea:Digitalia Hispánica

MARC

LEADER 00000nam a2200000Ii 4500
001 DIGOCEANO0020
003 NyNyDIG
006 m o d
007 cr |||||||||||
008 240404s2016 mx o 000 0 spa d
035 |a (OCoLC)1237403505 
040 |a DGITA  |b eng  |e rda  |e pn  |c DGITA 
020 |a 9786077351405  |q eBook 
050 1 4 |a PR4426 ebook 
100 1 |a Carlyle, Thomas,  |d 1795-1881,  |e author. 
245 1 0 |a De los héroes ;  |b Hombres representativos /  |c Carlyle, Emerson ; estudio preliminar de Jorge Luis Borges. 
250 |a Primera edición en libro electrónico. 
264 1 |a Ciudad de México :  |b Océano,  |c [2016] 
300 |a 1 online resource. 
336 |a text  |b txt  |2 rdacontent 
337 |a computer  |b c  |2 rdamedia 
338 |a online resource  |b cr  |2 rdacarrier 
347 |a text file  |2 rdaft 
347 |b EPUB 
588 0 |a Online resource; title from ePub title page (Digitalia, viewed April 4, 2024) 
650 0 |a Heroes. 
700 1 |a Emerson, Ralph Waldo,  |d 1803-1882,  |e author. 
700 1 |a Borges, Jorge Luís,  |d 1899-1986,  |e contributor agent of text. 
740 0 2 |a Hombres representativos. 
791 2 |a Digitalia (Firm),  |e distributor. 
793 0 |g Digitalia eBook Collection:  |a Editorial Océano 
856 4 0 |3 Digitalia Hispánica  |u https://www.digitaliapublishing.com/a/85210/ 
910 |a Premium collection: 2024